Reproduction of smallmouth bass, Micropterus dolomieui, in Bull Shoals Lake, Arkansas /

Bibliographic Details
Main Author: Vogele, Louis E.
Corporate Author: U.S. Fish and Wildlife Service
Format: Government Document Book
Language:English
Published: Washington, D.C. : U.S. Dept. of the Interior, Fish and Wildlife Service, 1981.
Series:Technical papers of the U.S. Fish and Wildlife Service ; 106.
Subjects:

MARC

Tag First Indicator Second Indicator Subfields
LEADER 00000cam a22000008a 4500
001 in00000831713
005 20151018124116.0
008 810501s1981 dcua b f00010 eng d
010 |a gp 82019480  
010 |a  81607977  
035 |a (OCoLC)07555467 
035 |9 ADX7244AM 
039 0 |a 2  |b 3  |c 3  |d 3  |e 3 
040 |a DLC  |c DLC  |d GPO  |d UtOrBLW 
043 |a n-us-ar  |a n-us-mo 
050 0 |a SH11  |b .A313 no. 106 
074 |a 615-A 
082 0 |a 639 s  |a 597/.58  |2 19 
086 0 |a I 49.68:106 
100 1 |a Vogele, Louis E. 
245 1 0 |a Reproduction of smallmouth bass, Micropterus dolomieui, in Bull Shoals Lake, Arkansas /  |c by Louis E. Vogele. 
264 1 |a Washington, D.C. :  |b U.S. Dept. of the Interior, Fish and Wildlife Service,  |c 1981. 
300 |a 15 pages :  |b illustrations ;  |c 26 cm. 
336 |a text  |b txt  |2 rdacontent 
337 |a unmediated  |b n  |2 rdamedia 
338 |a volume  |b nc  |2 rdacarrier 
490 1 |a Technical papers of the U.S. Fish and Wildlife Service ;  |v 106 
504 |a Bibliography: pages 14-15. 
650 0 |a Smallmouth bass  |x Reproduction. 
650 0 |a Fishes  |x Reproduction. 
650 0 |a Fishes  |z Bull Shoals Lake (Ark. and Mo.)  |x Reproduction. 
710 2 |a U.S. Fish and Wildlife Service. 
830 0 |a Technical papers of the U.S. Fish and Wildlife Service ;  |v 106. 
999 |a MARS 
999 f f |s 53b8bc68-f766-3dea-8451-6a4824801cd7  |i a768f5d3-23b9-3ab4-8a80-a9d479ec5076  |t 0 
952 f f |p normal  |a Texas A&M University  |b College Station  |c Sterling C. Evans Library  |d Evans: US Documents (Annex 5th floor)  |t 0  |e I 49.68:106  |h Superintendent of Documents classification  |i unmediated -- volume  |m A14834869093 
998 f f |a I 49.68:106  |t 0  |l Evans: US Documents (Annex 5th floor)